Nā katha. (Record no. 75914)

MARC details
000 -LEADER
fixed length control field 00522cam a22002171 4500
001 - CONTROL NUMBER
control field sa 67006398
003 - CONTROL NUMBER IDENTIFIER
control field DLC
005 - DATE AND TIME OF LATEST TRANSACTION
control field 20260227112406.0
008 - FIXED-LENGTH DATA ELEMENTS--GENERAL INFORMATION
fixed length control field 941010m19621965ii 000 0 telo
010 ## - LIBRARY OF CONGRESS CONTROL NUMBER
LC control number sa 67006398
025 ## - OVERSEAS ACQUISITION NUMBER
Overseas acquisition number PL480:I-Te-791
035 ## - SYSTEM CONTROL NUMBER
System control number (OCoLC)31253725
040 ## - CATALOGING SOURCE
Original cataloging agency DLC
Transcribing agency CU
Modifying agency CU
-- DLC
050 00 - LIBRARY OF CONGRESS CALL NUMBER
Classification number PL4780.9.J6
Item number N3
100 1# - MAIN ENTRY--PERSONAL NAME
Personal name Joshua, Gurram,
Dates associated with a name 1895-1971.
245 10 - TITLE STATEMENT
Title Nā katha.
260 ## - PUBLICATION, DISTRIBUTION, ETC.
Date of publication, distribution, etc. [1962- ; v. 1, 1965]
300 ## - PHYSICAL DESCRIPTION
Extent v.
Dimensions 18 cm.
500 ## - GENERAL NOTE
General note In Telugu.
500 ## - GENERAL NOTE
General note A poem.

No items available.

Powered by Koha